000 00749nam a2200241 a 4500
999 _c12548
_d12548
001 12548
003 BD-JhCC
005 20220905075209.0
008 220904b2019 bg a|||| |||a 000 0 ben d
020 _a9789849432876
035 _a(BD-JhCC)12548
040 _aBD-JhCC
_dBD-JhCC
041 _aBengali
082 _a920
_bHUM 2019
100 _aহুমায়ুন,রফিকুজ্জামান
245 _aছোটদের শেখ রাসেল /
_cরফিকুজ্জামান হুমায়ুন।
260 _aঢাকা :
_bমুক্ত প্রকাশ ;
_c২০১৯.
300 _a64 p. :
_c22 cm.
650 _aBiography
650 _aSheikh Rasel
942 _2ddc
_cBK